| 000 | 01057cam a22002897a 4500 | ||
|---|---|---|---|
| 001 | 4374 | ||
| 005 | 20240816090412.0 | ||
| 020 | _a9780061853777 | ||
| 040 |
_aDLC _cDLC _beng |
||
| 050 | 0 | 0 | _a419 |
| 100 | 1 | _aLe Ny, Jeanine | |
| 245 | 1 | 0 | _aMarley steals the show / |
| 250 | _aFirst edition | ||
| 260 |
_aNew York : _bHarperFestival , _c2010 . |
||
| 300 |
_a24 unnumbered pages : _bcolor illustrations ; _c21 cm . |
||
| 490 | _aMarley | ||
| 505 | _aO | ||
| 520 | _aMarley's family has big hopes when they enter him in the local pet show, but things don't go as planned. From grooming disasters to chaos backstage, this is the one event the town will never forget. Will Marley's giant personality be enough to take home the prize? | ||
| 521 | 1 |
_a600
_bLexile |
|
| 521 | 1 |
_aO
_bRaz-Plus |
|
| 650 |
_adog show _vchildren's book |
||
| 700 | 1 |
_aGrogan, John _d1957- |
|
| 700 | 1 |
_aCowdrey, Richard _eillustrator |
|
| 700 | 1 |
_aLyon, Tammie _eillustrator |
|
| 906 |
_a7 _bcbc _corignew _d4 _eepcn _f20 _gy-gencatlg |
||
| 942 |
_2ddc _cBK _n0 |
||
| 999 |
_c4374 _d4374 |
||